Statistics for Top scorers in the top 5 leagues (1990-2023)

Click here to take the quiz!

General Stats

  • This quiz has been taken 295 times
    (107 since last reset)
  • The average score is 110 of 189

Answer Stats

LeagueSeasonTeamCountryGoalsAnswer% Correct
England22/23Manchester CityNorway36Erling Haaland
99%
England20/21Tottenham HotspurEngland23Harry Kane
99%
England16/17Tottenham HotspurEngland29Harry Kane
99%
England15/16Tottenham HotspurEngland25Harry Kane
99%
England13/14LiverpoolUruguay31Luis Suárez
99%
Spain15/16FC BarcelonaUruguay40Luis Suárez
99%
England18/19LiverpoolEgypt22Mohamed Salah
99%
England17/18LiverpoolEgypt32Mohamed Salah
99%
England21/22LiverpoolEgypt23Mohamed Salah
99%
Germany19/20Bayern MünchenPoland34Robert Lewandowski
99%
Germany21/22Bayern MünchenPoland35Robert Lewandowski
99%
Germany18/19Bayern MünchenPoland22Robert Lewandowski
99%
Germany17/18Bayern MünchenPoland29Robert Lewandowski
99%
Germany15/16Bayern MünchenPoland30Robert Lewandowski
99%
Germany13/14Borussia DortmundPoland20Robert Lewandowski
99%
Spain22/23FC BarcelonaPoland23Robert Lewandowski
99%
Germany20/21Bayern MünchenPoland41Robert Lewandowski
99%
England07/08Manchester UnitedPortugal31Cristiano Ronaldo
97%
Spain14/15Real MadridPortugal48Cristiano Ronaldo
97%
Spain13/14Real MadridPortugal31Cristiano Ronaldo
97%
Spain10/11Real MadridPortugal40Cristiano Ronaldo
97%
Italy20/21JuventusPortugal29Cristiano Ronaldo
97%
Spain21/22Real MadridFrance27Karim Benzema
97%
France07/08Olympique LyonnaisFrance20Karim Benzema
97%
Spain20/21FC BarcelonaArgentina30Lionel Messi
97%
Spain12/13FC BarcelonaArgentina46Lionel Messi
97%
Spain11/12FC BarcelonaArgentina50Lionel Messi
97%
Spain09/10FC BarcelonaArgentina34Lionel Messi
97%
Spain16/17FC BarcelonaArgentina37Lionel Messi
97%
Spain17/18FC BarcelonaArgentina34Lionel Messi
97%
Spain18/19FC BarcelonaArgentina36Lionel Messi
97%
Spain19/20FC BarcelonaArgentina25Lionel Messi
97%
Spain03/04Real MadridBrazil24Ronaldo Nazario
97%
Spain96/97FC BarcelonaBrazil34Ronaldo Nazario
97%
England14/15Manchester CityArgentina26Sergio Agüero
97%
England21/22Tottenham HotspurSouth Korea23Son Heung-min
97%
England18/19ArsenalGabon22Pierre-Emerick Aubameyang
96%
Germany16/17Borussia DortmundGabon31Pierre-Emerick Aubameyang
96%
England09/10ChelseaIvory Coast29Didier Drogba
95%
England06/07ChelseaIvory Coast20Didier Drogba
95%
England19/20Leicester CityEngland23Jamie Vardy
95%
France18/19Paris Saint-GermainFrance33Kylian Mbappé
95%
France20/21Paris Saint-GermainFrance27Kylian Mbappé
95%
France21/22Paris Saint-GermainFrance28Kylian Mbappé
95%
France22/23Paris Saint-GermainFrance29Kylian Mbappé
95%
France19/20Paris Saint-GermainFrance18Kylian Mbappé
95%
England18/19LiverpoolSenegal22Sadio Mané
95%
France13/14Paris Saint-GermainSweden26Zlatan Ibrahimovic
95%
Italy08/09Internazionale MilanoSweden25Zlatan Ibrahimovic
95%
Italy11/12AC MilanSweden28Zlatan Ibrahimovic
95%
France15/16Paris Saint-GermainSweden38Zlatan Ibrahimovic
95%
France12/13Paris Saint-GermainSweden30Zlatan Ibrahimovic
95%
England11/12ArsenalNetherlands30Robin van Persie
94%
England12/13Manchester UnitedNetherlands26Robin van Persie
94%
England01/02ArsenalFrance24Thierry Henry
94%
England03/04ArsenalFrance30Thierry Henry
94%
England04/05ArsenalFrance25Thierry Henry
94%
England05/06ArsenalFrance27Thierry Henry
94%
France16/17Paris Saint-GermainUruguay35Edinson Cavani
92%
Italy12/13NapoliUruguay29Edinson Cavani
92%
France17/18Paris Saint-GermainUruguay28Edinson Cavani
92%
Spain05/06FC BarcelonaCameroon26Samuel Eto'o
92%
Spain04/05FC BarcelonaCameroon25Samuel Eto'o
92%
Italy17/18SS LazioItaly29Ciro Immobile
91%
Italy19/20SS LazioItaly36Ciro Immobile
91%
Italy21/22SS LazioItaly27Ciro Immobile
91%
Italy13/14TorinoItaly22Ciro Immobile
91%
Spain04/05VillarrealUruguay25Diego Forlán
91%
Spain08/09Atlético MadridUruguay32Diego Forlán
91%
Italy16/17AS RomaBosnia & Herzegovina29Edin Dzeko
91%
Germany09/10WolfsburgBosnia & Herzegovina22Edin Dzeko
91%
Spain06/07Real MadridNetherlands25Ruud van Nistelrooy
91%
England02/03Manchester UnitedNetherlands25Ruud van Nistelrooy
91%
England96/97Newcastle UnitedEngland25Alan Shearer
90%
England95/96Blackburn RoversEngland31Alan Shearer
90%
England94/95Blackburn RoversEngland34Alan Shearer
90%
Germany22/23RB LeipzigFrance16Christopher Nkunku
90%
Italy22/23NapoliNigeria26Victor Osimhen
90%
England10/11Manchester UnitedBulgaria20Dimitar Berbatov
87%
Spain98/99Real MadridSpain25Raúl González
85%
Spain00/01Real MadridSpain25Raúl González
85%
Italy15/16NapoliArgentina36Gonzalo Higuaín
82%
Italy99/00AC MilanUkraine24Andriy Shevchenko
80%
Italy03/04AC MilanUkraine24Andriy Shevchenko
80%
Italy06/07AS RomaItaly26Francesco Totti
77%
England10/11Manchester CityArgentina20Carlos Tévez
73%
England98/99LiverpoolEngland18Michael Owen
73%
England97/98LiverpoolEngland18Michael Owen
73%
Italy07/08JuventusItaly21Alessandro Del Piero
71%
France14/15Olympique LyonnaisFrance27Alexandre Lacazette
71%
England08/09ChelseaFrance19Nicolas Anelka
70%
Italy10/11UdineseItaly28Antonio Di Natale
65%
Italy09/10UdineseItaly29Antonio Di Natale
65%
England98/99Manchester UnitedTrinidad & Tobago18Dwight Yorke
65%
Italy18/19SampdoriaItaly26Fabio Quagliarella
65%
Germany10/11Bayern MünchenGermany28Mario Gómez
65%
France19/20AS MonacoFrance18Wissam Ben Yedder
63%
Italy14/15Hellas VeronaItaly22Luca Toni
62%
Germany07/08Bayern MünchenItaly24Luca Toni
62%
Italy05/06FiorentinaItaly31Luca Toni
62%
Italy91/92AC MilanNetherlands25Marco van Basten
61%
Italy14/15Internazionale MilanoArgentina22Mauro Icardi
61%
Italy17/18Internazionale MilanoArgentina29Mauro Icardi
61%
Germany05/06Werder BremenGermany25Miroslav Klose
59%
Germany22/23Werder BremenGermany16Niclas Füllkrug
59%
France11/12MontpellierFrance21Olivier Giroud
59%
Spain93/94FC BarcelonaBrazil30Romário de Souza
59%
Italy01/02JuventusFrance24David Trézéguet
58%
Germany11/12Schalke 04Netherlands29Klaas-Jan Huntelaar
58%
England93/94Newcastle UnitedEngland34Andy Cole
57%
Italy00/01Internazionale MilanoArgentina26Hernán Crespo
54%
Spain97/98Atlético MadridItaly24Christian Vieri
52%
Italy02/03Internazionale MilanoItaly24Christian Vieri
52%
England92/93Tottenham HotspurEngland22Teddy Sheringham
52%
England91/92Crystal Palace / ArsenalEngland29Ian Wright
51%
Spain02/03Deportivo La CoruñaNetherlands29Roy Makaay
49%
Italy96/97AtalantaItaly24Filippo Inzaghi
48%
England00/01ChelseaNetherlands23Jimmy Floyd Hasselbaink
48%
England98/99Leeds UnitedNetherlands18Jimmy Floyd Hasselbaink
48%
Italy94/95FiorentinaArgentina26Gabriel Batistuta
44%
Germany12/13Bayer LeverkusenGermany25Stefan Kießling
43%
Spain90/91Real MadridSpain19Emilio Butragueño
41%
Germany08/09WolfsburgBrazil28Grafite
39%
France06/07Paris Saint-GermainPortugal15Pauleta
38%
France05/06Paris Saint-GermainPortugal21Pauleta
38%
France01/02Girondins BordeauxPortugal22Pauleta
37%
England99/00SunderlandEngland30Kevin Phillips
35%
Germany02/03Bayern MünchenBrazil21Giovane Elber
33%
Spain91/92Atlético MadridSpain27Manolo Sánchez
29%
England97/98Coventry CityEngland18Dion Dublin
28%
France03/04AuxerreFrance26Djibril Cissé
28%
France01/02AuxerreFrance22Djibril Cissé
28%
France91/92Olympique MarseilleFrance27Jean-Pierre Papin
28%
France90/91Olympique MarseilleFrance23Jean-Pierre Papin
28%
France11/12Paris Saint-GermainBrazil21Nenê
28%
France08/09ToulouseFrance24André-Pierre Gignac
23%
England97/98Blackburn RoversEngland18Chris Sutton
23%
Spain07/08MallorcaSpain27Dani Güiza
23%
Spain94/95Real MadridChile28Iván Zamorano
23%
Italy97/98UdineseGermany27Oliver Bierhoff
23%
Germany14/15Mainz 05Germany19Alexander Meier
19%
Germany03/04Werder BremenBrazil28Aílton Gonçalves
18%
Italy90/91SampdoriaItaly19Gianluca Vialli
18%
Germany06/07BochumGreece20Theofanis Gekas
16%
France10/11Lille OSCSenegal25Moussa Sow
14%
Italy98/99UdineseBrazil22Márcio Amoroso
13%
Germany01/02Borussia DortmundBrazil18Márcio Amoroso
13%
England90/91ArsenalEngland22Alan Smith
11%
France04/05Stade RennaisSwitzerland20Alex Frei
10%
Spain92/93Deportivo La CoruñaBrazil29Bebeto
10%
Italy04/05LivornoItaly24Cristiano Lucarelli
10%
Germany00/01Schalke 04Denmark22Ebbe Sand
10%
France95/96AS MonacoBrazil21Sonny Anderson
10%
France00/01Olympique LyonnaisBrazil22Sonny Anderson
10%
France99/00Olympique LyonnaisBrazil23Sonny Anderson
10%
Spain01/02Deportivo La CoruñaSpain21Diego Tristán
9%
Germany04/05FC NürnbergSlovakia24Marek Mintal
9%
France09/10Olympique MarseilleSenegal18Mamadou Niang
8%
France98/99Girondins BordeauxFrance22Sylvain Wiltord
8%
Germany92/93Bayer LeverkusenGermany20Ulf Kirsten
8%
Germany96/97Bayer LeverkusenGermany22Ulf Kirsten
8%
Germany97/98Bayer LeverkusenGermany22Ulf Kirsten
8%
Germany01/021860 MünchenGermany18Martin Max
6%
Germany99/001860 MünchenGermany19Martin Max
6%
Germany00/01Hamburger SVBosnia & Herzegovina22Sergej Barbarez
5%
France96/97Stade RennaisFrance22Stéphane Guivarc'h
5%
France97/98AuxerreFrance21Stéphane Guivarc'h
5%
Italy01/02PiacenzaItaly24Dario Hübner
4%
Spain95/96TenerifeSpain31Juan Antonio Pizzi
4%
Spain99/00Racing SantanderSpain27Salva Ballesta
4%
France02/03AS MonacoDR Congo26Shabani Nonda
4%
Germany95/96StuttgartGermany17Fredi Bobic
3%
Italy95/96SS LazioItaly24Giuseppe Signori
3%
Italy93/94SS LazioItaly23Giuseppe Signori
3%
Italy92/93SS LazioItaly26Giuseppe Signori
3%
Germany98/99Hertha BSCGermany23Michael Preetz
3%
Germany93/94FC KaiserslauternGermany18Stefan Kuntz
3%
France93/94AS MonacoFrance20Youri Djorkaeff
3%
Germany93/94Eintracht FrankfurtGhana18Anthony Yeboah
1%
Germany92/93Eintracht FrankfurtGhana20Anthony Yeboah
1%
Italy95/96BariItaly24Igor Protti
1%
Germany94/95Werder BremenGermany20Mario Basler
1%
France94/95NantesFrance22Patrice Loko
1%
France92/93Olympique MarseilleCroatia23Alen Boksic
0%
Germany91/92StuttgartGermany22Fritz Walter
0%
Germany94/95Borussia MönchengladbachGermany20Heiko Herrlich
0%
France93/94NantesFrance20Nicolas Ouédec
0%
France93/94LensFrance20Roger Boli
0%
Germany90/91Bayern MünchenGermany21Roland Wohlfarth
0%

Score Distribution

Percentile by Number Answered

Percent of People with Each Score

Your Score History

You have not taken this quiz since the last reset